Načítá se...
Woman who was God /
| Hlavní autor: | |
|---|---|
| Médium: | Printed Book |
| Jazyk: | English |
| Vydáno: |
London :
Hutchinson,
1988.
|
| Témata: |
| LEADER | 00477nam a2200145Ia 4500 | ||
|---|---|---|---|
| 008 | 150623b xxu||||| |||| 00| 1 eng d | ||
| 082 | |a 823.91K1 | ||
| 100 | |a King, Francis | ||
| 245 | |a Woman who was God / |c Francis King | ||
| 260 | |a London : |b Hutchinson, |c 1988. | ||
| 300 | |a 331 p. | ||
| 650 | |v Fiction | ||
| 942 | |c BK | ||
| 999 | |c 39961 |d 39961 | ||
| 952 | |0 0 |1 0 |4 0 |6 823_000000000000000_91K1_WOM |7 0 |9 39958 |a UL |b UL |c ST2 |d 1998-09-24 |l 1 |o 823.91K1 WOM |p 57966 |r 2013-09-12 |s 2013-08-14 |w 2012-10-27 |y BK | ||